000 00414nam a2200169Ia 4500
005 20250423095124.0
008 250422s9999 xx 000 0 und d
020 _a0- 07- 828562- 3
050 _aHB 171 .C57/
100 _aClayton, Gary E.
245 0 _aEconomics : principles and practices
260 _aColumbus, Ohio
260 _bGlencoe/McGraw-Hill
260 _c2003
300 _a565 p
942 _cBK
999 _c29304
_d29304